MARC details
| 000 -LÍDER |
| campo de controle de tamanho fixo |
01356naa a22003497a 4500 |
| 001 - NÚMERO DE CONTROLE |
| campo de controle |
BR7405461 |
| 003 - IDENTIFICADOR DO NÚMERO DE CONTROLE |
| campo de controle |
BR-BrBNA |
| 005 - DATA E HORÁRIO DA ÚLTIMA TRANSAÇÃO |
| campo de controle |
20240918173623.0 |
| 007 - CAMPO FIXO DE DESCRIÇÃO FÍSICA--INFORMAÇÃO GERAL |
| campo de controle de tamanho fixo |
ta |
| 008 - CAMPO DE DADOS FIXOS--INFORMAÇÃO GERAL |
| campo de controle de tamanho fixo |
230509b bl.||||| |||| 00| 0 por d |
| 040 ## - FONTE DA CATALOGAÇÃO |
| Instituição da catalogação original |
BR-BrBNA |
| Idioma da catalogação |
por |
| Instituição que transcreveu o registro |
Biblioteca Nacional de Agricultura |
| 041 ## - CÓDIGO DE IDIOMA |
| Código do idioma do texto/trilha sonora ou título diferente |
(Pt) |
| 072 ## - CÓDIGO DE CATEGORIA DE ASSUNTO |
| Código de Categoria de Assunto |
L30; L00 |
| Código do objeto |
6100 |
| -- |
0120 |
| -- |
0170 |
| -- |
8957 |
| -- |
9600 |
| 090 ## - NÚMERO DE CHAMADA LOCAL |
| Número de chamada |
L30 BR7405461 |
| 100 1# - ENTRADA PRINCIPAL--NOME PESSOAL |
| Nome pessoal |
Costa, P.T.C. |
| 100 1# - ENTRADA PRINCIPAL--NOME PESSOAL |
| Nome pessoal |
Peischel, A. |
| 100 1# - ENTRADA PRINCIPAL--NOME PESSOAL |
| Nome pessoal |
Stiles, D. |
| 111 1# - ENTRADA PRINCIPAL--NOME DO EVENTO |
| Nome do evento ou lugar |
11. Reuniao da Sociedade Brasileira de Zootecnia |
| Local do evento |
Fortaleza, CE (Brazil) |
| Data do evento ou assinatura do tratado |
22 Jul 1974 |
| 245 1# - TÍTULO |
| Título |
Avaliacao de milho x sorgo com e sem farinha de peixe em dietas de poedeiras industriais [Zea mays; Sorghum spp; Galinha para postura; Ovo] |
| 260 3# - PUBLICAÇÃO, DISTRIBUIÇÃO, ETC. |
| Local de publicação, distribuição, etc. |
Fortaleza, CE (Brasil): |
| Nome do editor, distribuidor, etc. |
Universidade Federal do Ceara, |
| Data da publicação, distribuição, etc. |
1974. |
| 500 ## - NOTA GERAL |
| Nota geral |
Anais da 11. Reuniao da Sociedade Brasileira de Zootecnia<br/>Fortaleza, CE (Brasil): Universidade Federal do Ceara, 1974. p. 205-206<br/>(BR7405461-AM)L30<br/> |
| 650 ## - ASSUNTO--TERMO TÓPICO |
| Cabeçalho tópico ou nome geográfico |
Nutricao animal |
| 650 ## - ASSUNTO--TERMO TÓPICO |
| Cabeçalho tópico ou nome geográfico |
Producao animal |
| 650 ## - ASSUNTO--TERMO TÓPICO |
| Cabeçalho tópico ou nome geográfico |
Galinha para postura |
| 650 ## - ASSUNTO--TERMO TÓPICO |
| Cabeçalho tópico ou nome geográfico |
Milho |
| 650 ## - ASSUNTO--TERMO TÓPICO |
| Cabeçalho tópico ou nome geográfico |
Sorgo |
| 650 ## - ASSUNTO--TERMO TÓPICO |
| Cabeçalho tópico ou nome geográfico |
Farinha de peixe |
| 650 ## - ASSUNTO--TERMO TÓPICO |
| Cabeçalho tópico ou nome geográfico |
Ovo |
| 773 0# - ENTRADA ANALÍTICA |
| Título |
Anais da 11. Reuniao da Sociedade Brasileira de Zootecnia |
| Número de controle do registro |
L30 BR7405461 |
| Partes relacionadas |
Fortaleza, CE (Brasil), 1974. p. 205-206 |
| 909 ## - |
| -- |
202404 |
| -- |
Lucia |
| -- |
55 |
| -- |
Lucia Elande |
| 942 ## - ELEMENTOS DE ENTRADA ADICIONADOS (KOHA) |
| Tipo de material Koha |
Capítulo-Livro |
| Fonte da classificação ou esquema de arquivamento na estante |
Classificação AGRIS |